000 00406nam a2200145Ia 4500
008 100204s9999 xx 000 0 und d
082 _b4861
100 _aइनामदार ना.स.
245 _aझुंज
260 _bकॉन्टिनेन्टल प्रकाशन पुणे
_c1966
300 _a620+2
630 _aझुंज
730 _aझुंज
942 _cBOOK
999 _c449534
_d449531